Markets (Record no. 84370)

MARC details
000 -LEADER
fixed length control field 01005cab a22002175a 4500
001 - CONTROL NUMBER
control field L157412
008 - FIXED-LENGTH DATA ELEMENTS--GENERAL INFORMATION
fixed length control field 121128e2012 xxk 000 0 eng d
035 ## - SYSTEM CONTROL NUMBER
System control number (Sirsi) u157412
041 0# - LANGUAGE CODE
Language code of text/sound track or separate title eng
100 1# - MAIN ENTRY--PERSONAL NAME
Personal name Sandher, Hardeep
245 00 - TITLE STATEMENT
Title Markets
Remainder of title student accommodation
260 ## - PUBLICATION, DISTRIBUTION, ETC.
Date of publication, distribution, etc. 2012
490 #0 - SERIES STATEMENT
Series statement Property Week
Volume/sequential designation 78(46) 16 November 2012, 51-54(4)
520 ## - SUMMARY, ETC.
Summary, etc. Offers an overview of recent activity in this residential property sector: Madrid purchase is Knightsbridge Student Housing's first student residence outside the UK; Scape Living has launched its first student campus in London's Mile End; and interviews Mark Allen of Unite, UK's biggest student accommodation provider. Jones Lang LaSalle sees student accommodation as a new global asset class with UK investment forecast to exceed US$3bn in 2012 and nearing US$ 2bn in the USA.
590 ## - LOCAL NOTE (RLIN)
Local note KA
651 #4 - SUBJECT ADDED ENTRY--GEOGRAPHIC NAME
Geographic name Spain
651 #4 - SUBJECT ADDED ENTRY--GEOGRAPHIC NAME
Geographic name United States
651 #4 - SUBJECT ADDED ENTRY--GEOGRAPHIC NAME
Geographic name United Kingdom
690 ## - LOCAL SUBJECT ADDED ENTRY--TOPICAL TERM (OCLC, RLIN)
Topical term or geographic name as entry element Residential property
9 (RLIN) 6266
942 ## - ADDED ENTRY ELEMENTS (KOHA)
Suppress in OPAC 0
Holdings
Withdrawn status Lost status Source of classification or shelving scheme Damaged status Not for loan Home library Current library Shelving location Date acquired Total Checkouts Full call number Barcode Date last seen Copy number Price effective from Koha item type
    Dewey Decimal Classification     London London Journal article 28/11/2012   L157412 157412-1001 06/08/2019 1 06/08/2019 Journal article